|
|
|
|
| LEADER |
00922cam a2200253 7i4500 |
| 001 |
0000001996 |
| 005 |
20170218090000.0 |
| 008 |
100614 eng |
| 020 |
|
|
|a 9780130930057
|
| 020 |
|
|
|a 0130930059 (pbk.)
|
| 090 |
0 |
0 |
|a TA710
|b .L53 2003
|
| 100 |
3 |
|
|a Liu, Cheng
|
| 245 |
1 |
0 |
|a Soil properties :
|b testing, measurement, and evaluation
|c Cheng Liu, Jack B. Evett.
|
| 260 |
|
|
|a Upper Saddle River, N.J.:
|b Prentice Hall,
|c 2003.
|
| 300 |
|
|
|a viii, 424 p.:
|b ill.;
|c 28 cm +.
|
| 500 |
|
|
|a Includes CD-ROM
|
| 504 |
|
|
|a Includes bibliographical references
|
| 650 |
0 |
0 |
|a Soils --
|x Testing
|
| 650 |
0 |
0 |
|a Soil mechanics
|
| 700 |
1 |
|
|a Evett, Jack B.
|
| 997 |
|
|
|a Engineering, Faculty
|b Engineering, Department
|
| 998 |
|
|
|a Mechanical Engineering, Diploma
|
| 999 |
|
|
|a 0000011258
|b BOK
|c OPEN SHELF
|e 2nd Floor, Bestari Jaya
|
| 999 |
|
|
|a CDR0000249
|b CD-ROM
|c OPEN SHELF
|e Circulation Counter, Bestari Jaya
|